Návrh opatrení na zlepšenie vychystávania materiálu do výroby a materiálových tokov v podniku ETI ELB s. r. o.

Guardado en:
Detalles Bibliográficos
Autor principal: Boledovičová, Martina (Autor)
Otros Autores: Beňo, Rastislav (Orientador)
Formato: Manuscrito Libro
Lenguaje:eslovaco
Publicado: 2015
Materias:
Acceso en línea:http://is.stuba.sk/zp/portal_zp.pl?podrobnosti=102534
Etiquetas: Agregar Etiqueta
Sin Etiquetas, Sea el primero en etiquetar este registro!

MARC

LEADER 00000ntm a22000003a 4500
001 stuzp50151
003 SK-STU
005 20160719153454.4
007 ta
008 150427s2015----xo-----f-mn---000-0-slo-d
040 |a STU  |b slo 
041 0 |a slo 
100 1 |a Boledovičová, Martina  |u 064000  |4 aut  |U MTF Materiálovotechnologická fakulta  |T MTF Ústav priemyselného inžinierstva a manažmentu  |X 44104  |U M4000  |Y 84  |7 44104 
242 0 1 |a Propose measures to improve order picking materials in the production and materials flows in the comppany ETI ELB s.r.o.  |y eng 
245 1 0 |a Návrh opatrení na zlepšenie vychystávania materiálu do výroby a materiálových tokov v podniku ETI ELB s. r. o. 
260 |c 2015 
650 4 |a vychystávanie materiálu do výroby  |2 slo 
650 4 |a materiálový tok  |2 slo 
650 4 |a Milk Run  |2 slo 
650 4 |a Milk Run  |2 eng 
650 4 |a order picking of the material  |2 eng 
650 4 |a materials flows  |2 eng 
700 1 |a Beňo, Rastislav  |4 ths  |X 34860  |7 A000034860 
856 4 |u http://is.stuba.sk/zp/portal_zp.pl?podrobnosti=102534 
996 |c M* BP-7227  |l MMSKP  |s P  |a 0  |w stuzp50151_0001 
SQL |a stuzp50151  |b DBP  |c SLO  |d Návrh opatrení na zlepšenie vychystávania materiálu do výroby a materiálových tokov v podniku ETI ELB s. r. o.  |e 44104  |f Boledovičová, Martina  |g 064000  |h 34860  |i Beňo, Rastislav  |j 20150624  |k 175  |l 06  |m http://is.stuba.sk/zp/portal_zp.pl?podrobnosti=102534  |n B-PMA  |o 5.2.52. priemyselné inžinierstvo